000 00919nam0a22002771 4500
001 RU\INFOCOMM_322\NLR\5000103236
005 20250624202736.0
035 _a(NLR Aleph) 010935304
090 _a10733026
_c10733026
100 _a20121212d1987 |||y0rusy50 ca
101 1 _aita
102 _aIT
_aRU
105 _ay z |||||
200 1 _aLa cucina russa
_fN. I. Kovalëv
_g[Trad. di Guiseppe Bianchini]
210 _aGenova
_cEd. estere
_aM.
_cMir
_d1987
215 _a231 с., [8] л. цв. ил.
_cцв. ил.
_d22 см
300 _aВ вып. дан.: Русская кулинария / Ковалев Николай Иванович
620 _aМосква
686 _aТив970
_2rubbk
700 1 _9z02790
_aKovalev
_bN. I.
_gNikolaj Ivanovič
790 1 _9z02700
_aKovalëv
_bN. I.
_4070
801 1 _aRU
_bNLR
_c20121212
801 0 _aRU
_bINFOCOMM
_gPSBO
852 _aNLR
_jТ67 Д-5/85
942 _cBOOK
980 _aNB